000 00528nam a2200205Ia 4500
005 20250326142321.0
008 250326s9999 xx 000 0 und d
037 _aTextbook
040 _aFMSL
_beng
_cFMSL
041 _aeng
_2eng
084 _aX:8H N4.2
_qFMSL
100 _aMaheshwari S N
245 0 _aAdvanced accounting
_cMaheshwari S N
250 _a5
260 _aNew Delhi
_bNew Delhi, Vikas
_c1993
300 _axiii,829
490 _vVol 2
942 _cTB
_hX:8H N4.2
999 _c1294449
_d1294449